Movies Quiz

Random Movies or Star Wars Quiz

Follow That Line: Star Wars Quiz Stats

 Plays Quiz Updated Oct 11, 2018

Challenge
Share
Tweet
Embed
Score 0/20 Timer 06:00
0 Plays Today
% Correct
Great, kid. Don't get cocky.
86.9%
You're who?
86.4%
Better her than me.
84.7%
Only a master of evil, Darth.
84.6%
That's what I'm afraid of.
83.7%
Prisoner transfer. Cell block 1138.
80.3%
Not after we demonstrate the capabilities of this station.
80.1%
I'm tryin' not to, kid.
79.2%
Let's just say we'd like to avoid any Imperial entanglements.
79%
Well somebody has to save our skins. Into the garbage chute, fly-boy!
78.5%
% Correct
There. You see, Lord Vader, she can be reasonable.
78.2%
Who's the more foolish? The fool, or the fool who follows him?
77.1%
Yeah, but what good will it do us if he gets himself killed?
76%
You'll be dead!
75.9%
Not this ship, sister.
75.4%
The Force can have a strong influence on the weak-minded.
74.5%
It's a wonder you're still alive.
72.8%
Over my dead body.
71.3%
Traveling through hyperspace ain't like dusting crops, boy!
70.2%
He's the brains, sweetheart!
67.6%

You're not logged in!

Compare scores with friends on all Sporcle quizzes.
OR
Log In

You Might Also Like...

Show Comments

Extras

Top Quizzes Today


Score Distribution

Your Account Isn't Verified!

In order to create a playlist on Sporcle, you need to verify the email address you used during registration. Go to your Sporcle Settings to finish the process.

Report this User

Report this user for behavior that violates our Community Guidelines.

Details: